00357pab a2200145 454500008004000000100001700040245002300057260000900080300001400089362000800103650001300111700002000124700001800144773004900162180718b2010 xxu||||| |||| 00| 0 eng d aGlewwe, Paul aTeacher incentives c2010 ap.205-27. aJul aTeachers aKremer, Michael aIlias, Nauman aAmerican Economic Journal: Applied Economics